| 000 | 00678cam a22002531 4500 | ||
|---|---|---|---|
| 001 | sa 68007964 | ||
| 003 | DLC | ||
| 005 | 20260227112527.0 | ||
| 008 | 890614s1968 ii b 000 0 hino | ||
| 010 | _asa 68007964 | ||
| 035 | _a(OCoLC)19869677 | ||
| 040 |
_aDLC _cWaU _dDLC |
||
| 042 | _apremarc | ||
| 043 | _aa-ii--- | ||
| 050 | 0 | 0 |
_aPK2916 _b.B53 |
| 100 | 1 | _aBhāṭī, Deśarājasiṃha. | |
| 245 | 1 | 0 | _aBhāratīya evaṃ pāścātya kāvyaśāstra. |
| 260 | _c[1968] | ||
| 300 |
_a340 p. _c22 cm. |
||
| 500 | _aIn Hindi. | ||
| 504 | _aBibliographical footnotes. | ||
| 650 | 0 |
_aIndic poetry _xHistory and criticism. |
|
| 650 | 0 |
_aPoetry _xHistory and criticism. |
|
| 999 |
_c82141 _d82141 |
||